Uttha chaand doobta sooraj (HIN) (Record no. 112274)

MARC details
000 -LEADER
fixed length control field 00378nam a2200145Ia 4500
005 - DATE AND TIME OF LATEST TRANSACTION
control field 20240821155408.0
008 - FIXED-LENGTH DATA ELEMENTS--GENERAL INFORMATION
fixed length control field 240821s9999||||xx |||||||||||||| ||und||
082 ## - DEWEY DECIMAL CLASSIFICATION NUMBER
Classification number 891.434 IYE
100 ## - MAIN ENTRY--PERSONAL NAME
Personal name Iyer, N.E.Viswanatha
245 #0 - TITLE STATEMENT
Title Uttha chaand doobta sooraj (HIN)
260 ## - PUBLICATION, DISTRIBUTION, ETC.
Place of publication, distribution, etc. Trivandrum
Name of publisher, distributor, etc. Swathi Prakashan
Date of publication, distribution, etc. 1984
300 ## - PHYSICAL DESCRIPTION
Extent 126p.
650 ## - SUBJECT ADDED ENTRY--TOPICAL TERM
Topical term or geographic name entry element Hindi Literature
942 ## - ADDED ENTRY ELEMENTS (KOHA)
Koha item type Book
Holdings
Withdrawn status Lost status Damaged status Not for loan Home library Current library Date acquired Total checkouts Barcode Date last seen Price effective from Koha item type
        Library and Documentation Division NCERT Library and Documentation Division NCERT 08/21/2024   98823 08/21/2024 08/21/2024 Book